[Event "Cambridge op 3rd"]
[Site "Cambridge"]
[Date "2025.05.29"]
[Round "6"]
[White "Pride, Stephen C"]
[Black "Jones, Graeme"]
[Result "1/2-1/2"]
[WhiteElo "1640"]
[BlackElo "1781"]
[PlyCount "119"]
[EventDate "2025.05.26"]
[EventType "tourn"]
[EventRounds "9"]
[EventCountry "ENG"]
[SourceTitle "CB23_2025"]
[SourceDate "2025.06.04"]
[SourceVersion "1"]
[SourceVersionDate "2025.06.04"]
[SourceQuality "1"]

1. d4 Nf6 2. Bf4 e6 3. Nc3 d5 4. e3 Bd7 5. h3 Bb4 6. Bd3 0-0 7. a3 Ba5 8. Nge2 Re8 9. Be5 c6 10. 0-0 Bc7 11. Bxc7 Qxc7 12. Kh1 e5 13. dxe5 Qxe5 14. Nd4 c5 15. Nf3 Qc7 16. Bb5 Bxb5 17. Nxb5 Qc6 18. Nc3 Nbd7 19. Qd3 Rad8 20. Rad1 Nb6 21. b3 h6 22. a4 a6 23. a5 Nc8 24. Kg1 Qc7 25. Ra1 Ne7 26. Nd2 Nc6 27. Ra4 d4 28. exd4 Nxd4 29. Qg3 Qxg3 30. fxg3 Nxc2 31. Nde4 Nxe4 32. Nxe4 Rd4 33. Nxc5 Rxa4 34. Nxa4 Re3 35. Nc5 Rxg3 36. Nxb7 Rxb3 37. Nc5 Rb5 38. Nxa6 Rxa5 39. Rf2 Ne3 40. Nb4 h5 41. Nd3 h4 42. Re2 Nf5 43. Kf2 Ng3 44. Re8+ Kh7 45. Ne5 Ra2+ 46. Kf3 Re2 47. Re7 f6 48. Nc6 Rxe7 49. Nxe7 g5 50. Nd5 f5 51. Ne7 Kg7 52. Nd5 Kf7 53. Ne3 Ke6 54. Nc4 Kd5 55. Nd2 Kd4 56. Nb3+ Kd3 57. Nc5+ Kd2 58. Ne6 Ne4 59. Ng7 Ng3 60. Ne6 1/2-1/2

[Event "BCF-ch Soanes U1750 op"]
[Site "Hull"]
[Date "2024.07.27"]
[Round "3"]
[White "Mehta, Hatle"]
[Black "Pride, Stephen C"]
[Result "0-1"]
[WhiteElo "1221"]
[BlackElo "1631"]
[PlyCount "68"]
[EventDate "2024.07.26"]
[EventType "swiss"]
[EventRounds "5"]
[EventCountry "ENG"]
[SourceTitle "CBM 221 Extra"]
[Source "ChessBase"]
[SourceDate "2024.09.30"]
[SourceVersion "1"]
[SourceVersionDate "2024.09.30"]
[SourceQuality "1"]

1. d4 d5 2. Bf4 Bf5 3. e3 e6 4. Nf3 Bd6 5. Ne5 f6 6. Nd3 Ne7 7. Bxd6 Qxd6 8. Nf4 Qb4+ 9. Nc3 Qxb2 10. Nb5 Na6 11. Nd3 Qxb5 12. Be2 Qa5+ 13. Kf1 0-0 14. g4 Be4 15. Bf3 Bxf3 16. Qxf3 Qc3 17. Qd1 Qc6 18. h4 e5 19. dxe5 d4 20. Rg1 fxe5 21. exd4 exd4 22. Qe2 Rae8 23. Ne5 Qd5 24. Rb1 Ng6 25. Qc4 Rxe5 26. Qxd5+ Rxd5 27. h5 Ne5 28. Rxb7 Nc6 29. g5 Rdf5 30. Rg2 Rb8 31. Rb3 Rxb3 32. axb3 Ncb4 33. Ke2 Nxc2 34. Kd3 Ne1+ 0-1

[Event "BCF-ch Soanes U1750 op"]
[Site "Hull"]
[Date "2024.07.26"]
[Round "1"]
[White "Pride, Stephen C"]
[Black "Eagle, Joe"]
[Result "0-1"]
[WhiteElo "1631"]
[BlackElo "1513"]
[PlyCount "82"]
[EventDate "2024.07.26"]
[EventType "swiss"]
[EventRounds "5"]
[EventCountry "ENG"]
[SourceTitle "CBM 221 Extra"]
[Source "ChessBase"]
[SourceDate "2024.09.30"]
[SourceVersion "1"]
[SourceVersionDate "2024.09.30"]
[SourceQuality "1"]

1. d4 Nf6 2. Bf4 g6 3. Nc3 Bg7 4. e4 d6 5. Qd2 0-0 6. 0-0-0 Nbd7 7. e5 dxe5 8. dxe5 Ne8 9. Bc4 c6 10. e6 fxe6 11. Bxe6+ Kh8 12. Bg5 Nd6 13. Bh6 Bxh6 14. Qxh6 Rxf2 15. Nh3 Qf8 16. Qe3 Rf6 17. Ng5 Nb6 18. Bxc8 Rxc8 19. Rhe1 Re8 20. h4 Nf5 21. Qh3 Qh6 22. g3 Kg8 23. Kb1 e5 24. Nce4 Rff8 25. Nc5 Re7 26. Qg2 Nd5 27. Rd3 Rfe8 28. a3 Qg7 29. Nge4 b6 30. Nb3 Nf6 31. Nbd2 Nxe4 32. Nxe4 Rf8 33. Red1 Qf7 34. Ng5 Qc4 35. h5 gxh5 36. Rh1 Rg7 37. Rxh5 Nxg3 38. b3 Qg4 39. Rxg3 Qxh5 40. Ne6 Rxg3 41. Qxg3+ Qg6 0-1

[Event "London Muswell Hill op"]
[Site "London"]
[Date "2023.10.24"]
[Round "10"]
[White "Rubeck, Jonathan"]
[Black "Pride, Stephen C"]
[Result "1-0"]
[WhiteElo "1769"]
[BlackElo "1504"]
[PlyCount "45"]
[EventDate "2023.08.29"]
[EventType "swiss"]
[EventRounds "14"]
[EventCountry "ENG"]
[SourceTitle "EXT 2025"]
[Source "ChessBase"]
[SourceDate "2024.10.14"]
[SourceVersion "1"]
[SourceVersionDate "2024.10.14"]
[SourceQuality "1"]

1. e4 Nf6 2. e5 Nd5 3. d4 d6 4. Nf3 c6 5. Bc4 e6 6. 0-0 Be7 7. Qe2 0-0 8. Rd1 Nd7 9. a3 a5 10. Bd2 dxe5 11. dxe5 h6 12. Nc3 N7b6 13. Bd3 Nxc3 14. Bxc3 Nd5 15. Bd2 Bd7 16. c4 Nc7 17. Qe4 g6 18. Bxh6 Re8 19. Qg4 Kh8 20. Ng5 Bxg5 21. Bxg5 Re7 22. Bf6+ Kg8 23. Qh4 1-0

[Event "Cambridge op"]
[Site "Cambridge"]
[Date "2023.02.18"]
[Round "8"]
[White "Pride, Stephen C"]
[Black "Zhu, Pengxiao"]
[Result "1/2-1/2"]
[WhiteElo "1533"]
[BlackElo "1437"]
[PlyCount "90"]
[EventDate "2023.02.15"]
[EventType "swiss"]
[EventRounds "9"]
[EventCountry "ENG"]
[SourceTitle "CBM 212 Extra"]
[Source "ChessBase"]
[SourceDate "2023.03.31"]
[SourceVersion "1"]
[SourceVersionDate "2023.03.31"]
[SourceQuality "1"]

1. d4 d5 2. Bf4 Nf6 3. Nc3 c5 4. e3 cxd4 5. exd4 a6 6. Bd3 Nc6 7. Nge2 Bg4 8. f3 Bh5 9. a3 e6 10. Qd2 Bd6 11. Bg3 0-0 12. 0-0 Rc8 13. Nd1 e5 14. dxe5 Nxe5 15. c3 Re8 16. Kh1 Bg6 17. Bxg6 hxg6 18. Bxe5 Bxe5 19. Nf2 Qb6 20. Nd3 Bc7 21. Nd4 Qd6 22. g3 Bb6 23. Rae1 Bxd4 24. cxd4 Nd7 25. Rxe8+ Rxe8 26. Re1 Rc8 27. Rc1 Rc4 28. Rxc4 dxc4 29. Nf4 g5 30. Ne2 Qd5 31. Qe3 Nf6 32. Nc3 Qf5 33. Kg2 g4 34. f4 Qc2+ 35. Qe2 Qxe2+ 36. Nxe2 Kf8 37. Nc3 Ke7 38. Kf2 Ke6 39. Ke3 Nd5+ 40. Kd2 Nxc3 41. bxc3 Kd5 42. a4 f5 43. Kc2 Kc6 44. Kb2 g6 45. Ka3 a5 1/2-1/2

[Event "Hammersmith CC op U2000"]
[Site "London"]
[Date "2022.06.04"]
[Round "1"]
[White "Li, Lucian"]
[Black "Pride, Stephen C"]
[Result "1-0"]
[WhiteElo "1154"]
[BlackElo "1696"]
[PlyCount "87"]
[EventDate "2022.06.04"]
[EventType "swiss"]
[EventRounds "5"]
[EventCountry "ENG"]
[SourceTitle "CBM 208 Extra"]
[Source "ChessBase"]
[SourceDate "2022.07.31"]
[SourceVersion "1"]
[SourceVersionDate "2022.07.31"]
[SourceQuality "1"]

1. e4 g6 2. d4 Bg7 3. Nf3 d6 4. g3 e6 5. Bg2 Ne7 6. 0-0 Nd7 7. Nc3 h6 8. Be3 0-0 9. Qd2 Kh7 10. Rad1 a6 11. Rfe1 b5 12. a3 Bb7 13. h3 e5 14. dxe5 Nxe5 15. Nxe5 dxe5 16. Qxd8 Rfxd8 17. b4 Bf8 18. Nd5 Nxd5 19. exd5 Bd6 20. Bd2 Kg7 21. Bc3 f6 22. Bb2 Re8 23. Kf1 Rad8 24. Re3 Kf7 25. g4 Bc8 26. Be4 f5 27. Rf3 f4 28. Rd2 h5 29. gxh5 gxh5 30. Kg2 Rg8+ 31. Kf1 Rg7 32. Ke2 Rg1 33. c3 Rdg8 34. Bh7 R8g7 35. Be4 Ke7 36. Rfd3 Kf6 37. Rf3 Bf5 38. Bc2 Rh1 39. c4 bxc4 40. Rxf4 Kg5 41. Rxf5+ Kh4 42. Bxe5 Re7 43. Rd4+ Kxh3 44. Rxh5+ 1-0

[Event "London Central op U1750"]
[Site "London"]
[Date "2022.04.23"]
[Round "2"]
[White "Pride, Stephen C"]
[Black "Denney, Simon C"]
[Result "0-1"]
[WhiteElo "1584"]
[BlackElo "1472"]
[PlyCount "42"]
[EventDate "2022.04.22"]
[EventType "swiss"]
[EventRounds "5"]
[EventCountry "ENG"]
[SourceTitle "EXT 2024"]
[Source "ChessBase"]
[SourceDate "2023.10.10"]
[SourceVersion "1"]
[SourceVersionDate "2023.10.10"]
[SourceQuality "1"]

1. Nc3 e6 2. Nf3 f5 3. e4 fxe4 4. Nxe4 Nf6 5. d3 Be7 6. Be2 0-0 7. Be3 b6 8. Qd2 Bb7 9. Nxf6+ Bxf6 10. 0-0-0 Nc6 11. Rhe1 a5 12. d4 Nb4 13. Kb1 Be4 14. Rc1 Qe8 15. a3 d5 16. axb4 axb4 17. Qxb4 Ra4 18. Qb5 Qa8 19. b3 Ra2 20. Bd2 Qa3 21. Bc3 Ra8 0-1

[Event "Torquay Bloodworth op"]
[Site "Torquay"]
[Date "2019.09.07"]
[Round "7"]
[White "Pride, Stephen C"]
[Black "O'Brien, Paul W"]
[Result "1-0"]
[WhiteElo "1610"]
[BlackElo "1610"]
[PlyCount "67"]
[EventDate "2019.09.01"]
[EventType "swiss"]
[EventRounds "7"]
[EventCountry "ENG"]
[SourceTitle "CBM 192 Extra"]
[Source "Chessbase"]
[SourceDate "2019.11.06"]
[SourceVersion "1"]
[SourceVersionDate "2019.11.06"]
[SourceQuality "1"]

1. Nc3 f5 2. e4 fxe4 3. Nxe4 Nf6 4. Nxf6+ exf6 5. d4 d5 6. Bd3 Be6 7. Ne2 Bd6 8. Nf4 Bf7 9. 0-0 0-0 10. c3 c6 11. Qc2 Qc7 12. Bxh7+ Kh8 13. g3 Nd7 14. Ng6+ Bxg6 15. Bxg6 Rfd8 16. Bd2 Nf8 17. Bh5 Qd7 18. Kg2 Kg8 19. Rae1 b5 20. Re2 a5 21. a3 a4 22. Rfe1 Rab8 23. h3 Ra8 24. Bg4 Qf7 25. Qd3 Re8 26. Rxe8 Rxe8 27. Rxe8 Qxe8 28. Qe3 Qf7 29. Qf3 g6 30. Bf4 Be7 31. Qe3 f5 32. Bf3 Ne6 33. Be5 Bg5 34. Qe1 1-0

[Event "Torquay Morning Boniface op"]
[Site "Torquay"]
[Date "2019.09.03"]
[Round "2"]
[White "Bovtramovics, Vladimirs"]
[Black "Pride, Stephen C"]
[Result "1-0"]
[WhiteElo "1804"]
[BlackElo "1610"]
[PlyCount "73"]
[EventDate "2019.09.02"]
[EventType "swiss"]
[EventRounds "5"]
[EventCountry "ENG"]
[SourceTitle "CBM 195 Extra"]
[Source "ChessBase"]
[SourceDate "2020.05.31"]
[SourceVersion "1"]
[SourceVersionDate "2020.05.31"]
[SourceQuality "1"]

1. Nf3 b5 2. d4 Bb7 3. e3 a6 4. c4 bxc4 5. Bxc4 e6 6. 0-0 Nf6 7. Nfd2 d5 8. Bd3 c5 9. Nc3 Nc6 10. Nf3 Bd6 11. Bd2 0-0 12. Rc1 cxd4 13. exd4 h6 14. Bb1 Rc8 15. Re1 Nd7 16. Qc2 g6 17. Bxh6 Re8 18. Qd2 Ne7 19. h4 Nf5 20. Bxf5 exf5 21. Rxe8+ Qxe8 22. Re1 Qd8 23. Qd3 Bf8 24. Bg5 f6 25. Bf4 Bg7 26. Re6 Qa5 27. Bd6 Nf8 28. Re7 Qd8 29. Ba3 Rc7 30. Rxc7 Qxc7 31. h5 Qc4 32. Qc2 Ne6 33. hxg6 Nxd4 34. Nxd4 Qxd4 35. Qb3 Qa7 36. Nxd5 Kh8 37. Qh3+ 1-0

[Event "GBR-ch U1900 106th"]
[Site "Torquay"]
[Date "2019.08.01"]
[Round "4"]
[White "O'Brien, Megan E"]
[Black "Pride, Stephen C"]
[Result "1-0"]
[WhiteElo "1870"]
[BlackElo "1591"]
[PlyCount "59"]
[EventDate "2019.07.29"]
[EventType "swiss"]
[EventRounds "7"]
[EventCountry "ENG"]
[SourceTitle "EXT 2025"]
[Source "ChessBase"]
[SourceDate "2024.10.14"]
[SourceVersion "1"]
[SourceVersionDate "2024.10.14"]
[SourceQuality "1"]

1. e4 d6 2. d4 Nf6 3. Nc3 e5 4. Nf3 exd4 5. Nxd4 Be7 6. Bc4 0-0 7. 0-0 Nxe4 8. Nxe4 d5 9. Bd3 dxe4 10. Bxe4 Re8 11. Bd3 Bf6 12. Nf3 Bg4 13. Bf4 Nd7 14. h3 Bh5 15. g4 Bg6 16. Bxg6 hxg6 17. Re1 c6 18. Qd2 Nb6 19. Qxd8 Raxd8 20. Bc7 Rxe1+ 21. Rxe1 Rc8 22. Bxb6 axb6 23. c3 Rd8 24. g5 Rd3 25. Re8+ Kh7 26. Kg2 Bd8 27. Ne5 Rd5 28. Nxf7 Rxg5+ 29. Kf1 Bf6 30. Rh8# 1-0

[Event "GBR-ch U1900 106th"]
[Site "Torquay"]
[Date "2019.07.30"]
[Round "2"]
[White "Nyman, John CH"]
[Black "Pride, Stephen C"]
[Result "1/2-1/2"]
[WhiteElo "1785"]
[BlackElo "1591"]
[PlyCount "42"]
[EventDate "2019.07.29"]
[EventType "swiss"]
[EventRounds "7"]
[EventCountry "ENG"]
[SourceTitle "EXT 2025"]
[Source "ChessBase"]
[SourceDate "2024.10.14"]
[SourceVersion "1"]
[SourceVersionDate "2024.10.14"]
[SourceQuality "1"]

1. e4 d6 2. d4 Nf6 3. Nc3 e5 4. Nf3 exd4 5. Nxd4 Be7 6. Be2 0-0 7. Be3 Re8 8. Qd2 c6 9. a4 Bf8 10. Bf3 Na6 11. 0-0 Bg4 12. Bg5 Bxf3 13. Nxf3 h6 14. Bxf6 Qxf6 15. Rfe1 Rad8 16. Rad1 Nc7 17. Qd4 Qxd4 18. Nxd4 d5 19. exd5 Rxe1+ 20. Rxe1 Nxd5 21. Nxd5 Rxd5 1/2-1/2